神戸空港に就航している航空会社 - Statistics

General Stats
  • This quiz has been taken 48 times
    35 since last reset
  • The average score is 4 of 6
Answer Stats
Hint Answer % Correct
日本 全日本空輸
97%
日本 スカイマーク
90%
日本 AIRDO
63%
日本 ソラシドエア
60%
日本 フジドリームエアラインズ
47%
日本 トキエア
37%
No matching quizzes found
Score Distribution
Percent of People with Each Score
Percentile by Number Answered
Your Score History
You have not taken this quiz since the last reset